[Event "Zhukovsky op"]
[Site "Zhukovsky"]
[Date "2014.??.??"]
[Round "1"]
[White "Ibragimov, Ali"]
[Black "Kuznetsov, Yuriy"]
[Result "1-0"]
[WhiteElo "2064"]
[BlackElo "1806"]
[PlyCount "73"]
[EventDate "2014.08.08"]
[EventType "swiss"]
[EventRounds "9"]
[EventCountry "RUS"]
[SourceTitle "CBM 162 Extra"]
[Source "ChessBase"]
[SourceDate "2014.10.17"]
[SourceVersion "1"]
[SourceVersionDate "2014.10.17"]
[SourceQuality "1"]

1. e4 d6 2. d4 Nf6 3. Nc3 c6 4. Be2 Qa5 5. Bd2 e5 6. Nf3 Nbd7 7. 0-0 Qb6 8. Na4 Qc7 9. Bd3 Be7 10. c4 0-0 11. Rc1 Re8 12. Re1 Bf8 13. Bb1 a5 14. d5 Rd8 15. h3 h6 16. Be3 g6 17. Qb3 Nc5 18. Nxc5 dxc5 19. Qc3 Re8 20. Rcd1 Kh7 21. Qd2 Qd6 22. Nh2 g5 23. Qe2 Kh8 24. Qf3 b6 25. Bc2 a4 26. Bc1 Ra7 27. g4 Kg7 28. Nf1 Ng8 29. Ng3 Ne7 30. Nh5+ Kg6 31. dxc6 Qxc6 32. Rd5 f6 33. Red1 Rd7 34. Bxa4 Qxa4 35. Qxf6+ Kh7 36. Qf7+ Kh8 37. Nf6 1-0

[Event "Zhukovsky Winter op"]
[Site "Zhukovsky"]
[Date "2014.??.??"]
[Round "4"]
[White "Ibragimov, Ali"]
[Black "Rusakov, Grigorij"]
[Result "1/2-1/2"]
[WhiteElo "2064"]
[BlackElo "2174"]
[PlyCount "57"]
[EventDate "2014.11.22"]
[EventType "swiss"]
[EventRounds "9"]
[EventCountry "RUS"]
[SourceTitle "EXT 2016"]
[Source "ChessBase"]
[SourceDate "2015.10.08"]
[SourceVersion "1"]
[SourceVersionDate "2015.10.08"]
[SourceQuality "1"]

1. d4 Nf6 2. c4 g6 3. Nc3 d5 4. Qb3 dxc4 5. Qxc4 Bg7 6. e4 0-0 7. Nf3 Nc6 8. d5 Na5 9. Qa4 c6 10. Bg5 cxd5 11. Rd1 Bd7 12. Bb5 Bxb5 13. Qxb5 a6 14. Qe2 Qb6 15. exd5 h6 16. Be3 Qd6 17. 0-0 b5 18. Bd4 Rfd8 19. Rfe1 Rac8 20. Qxe7 Qxe7 21. Rxe7 Nxd5 22. Ree1 Bxd4 23. Nxd5 Rxd5 24. Rxd4 Rxd4 25. Nxd4 Rc4 26. Rd1 Nc6 27. Nxc6 Rxc6 28. g3 Rc2 29. Rd8+ 1/2-1/2

[Event "Zhukovsky op 04"]
[Site "Zhukovsky"]
[Date "2014.??.??"]
[Round "4"]
[White "Kuznetsov, Yuriy"]
[Black "Ibragimov, Ali"]
[Result "0-1"]
[WhiteElo "1806"]
[BlackElo "2064"]
[PlyCount "108"]
[EventDate "2014.04.??"]
[EventType "swiss"]
[EventRounds "9"]
[EventCountry "RUS"]
[SourceTitle "EXT 2016"]
[Source "ChessBase"]
[SourceDate "2015.10.08"]
[SourceVersion "1"]
[SourceVersionDate "2015.10.08"]
[SourceQuality "1"]

1. d4 Nf6 2. c4 g6 3. Nc3 Bg7 4. e4 d6 5. Be2 0-0 6. Bg5 h6 7. Be3 c5 8. e5 Nfd7 9. exd6 exd6 10. d5 Ne5 11. h3 Re8 12. Nf3 Nxf3+ 13. Bxf3 Bd4 14. 0-0 Bxe3 15. fxe3 Nd7 16. e4 Ne5 17. Be2 Qg5 18. Qc1 Qxc1 19. Raxc1 Bd7 20. Rf6 Kf8 21. Rcf1 Ke7 22. Kh2 Bf5 23. Rxd6 Kxd6 24. exf5 Kc7 25. fxg6 fxg6 26. Rf6 Rf8 27. Nb5+ Kd7 28. Rd6+ Kc8 29. Re6 a6 30. Nd6+ Kc7 31. Rxe5 Kxd6 32. Re6+ Kc7 33. Kg3 Rae8 34. Rxe8 Rxe8 35. Kf2 Kd6 36. Bd3 Rf8+ 37. Ke3 g5 38. g3 Ke5 39. a3 Rf6 40. b3 h5 41. Be2 h4 42. gxh4 gxh4 43. Bf3 b5 44. Be2 bxc4 45. Bxc4 a5 46. a4 Rg6 47. d6 Rxd6 48. Be2 Rb6 49. Bd1 Rb4 50. Bc2 Rd4 51. Bd3 Rd7 52. Be2 Rb7 53. Bd1 Rb8 54. Bc2 Rg8 0-1

[Event "Konakovo Chervonny op"]
[Site "Konakovo"]
[Date "2012.09.20"]
[Round "1"]
[White "Ibragimov, Ali"]
[Black "Guseva, Antonina"]
[Result "1-0"]
[WhiteElo "2056"]
[BlackElo "1660"]
[PlyCount "77"]
[EventDate "2012.09.20"]
[EventType "swiss"]
[EventRounds "7"]
[EventCountry "RUS"]
[SourceTitle "CBM 150 Extra"]
[Source "ChessBase"]
[SourceDate "2012.10.19"]
[SourceVersion "1"]
[SourceVersionDate "2012.10.19"]
[SourceQuality "1"]

1. e4 c5 2. d3 Nc6 3. Nd2 d6 4. Ngf3 Nf6 5. g3 Bg4 6. Bg2 e6 7. 0-0 Be7 8. h3 Bh5 9. c3 0-0 10. g4 Bg6 11. Nh4 d5 12. Nxg6 hxg6 13. Qe2 Qc7 14. f4 Rad8 15. e5 Nh7 16. g5 Qc8 17. h4 f6 18. exf6 gxf6 19. Bh3 f5 20. Re1 Rd6 21. Nf3 a6 22. h5 gxh5 23. Ne5 Qe8 24. g6 Nxe5 25. gxh7+ Kxh7 26. fxe5 Rg8+ 27. Kh1 Rd7 28. Bf4 Bg5 29. Qf3 Rdg7 30. Rg1 Bxf4 31. Qxf4 d4 32. Rxg7+ Rxg7 33. Rg1 Rxg1+ 34. Kxg1 Qg6+ 35. Kf2 Qh6 36. Qxh6+ Kxh6 37. Bg2 b6 38. Bb7 Kg7 39. Bxa6 1-0

[Event "Zhukovsky op"]
[Site "Zhukovsky"]
[Date "2012.04.??"]
[Round "1"]
[White "Kuznetsov, Yuri"]
[Black "Ibragimov, Ali"]
[Result "0-1"]
[WhiteElo "2022"]
[BlackElo "2064"]
[PlyCount "64"]
[EventDate "2012.04.??"]
[EventType "swiss"]
[EventRounds "9"]
[EventCountry "RUS"]
[SourceTitle "EXT 2014"]
[Source "ChessBase"]
[SourceDate "2013.11.20"]
[SourceVersion "1"]
[SourceVersionDate "2013.11.20"]
[SourceQuality "1"]

1. d4 Nf6 2. c4 g6 3. Nc3 Bg7 4. e4 d6 5. f3 0-0 6. Nge2 a6 7. Be3 Nc6 8. Qd2 e5 9. d5 Na5 10. Ng3 c5 11. Bh6 b5 12. h4 Bxh6 13. Qxh6 Nxc4 14. Bxc4 bxc4 15. h5 Rb8 16. 0-0-0 a5 17. Rd2 Bd7 18. Qg5 Kh8 19. hxg6 fxg6 20. Rf2 Qe7 21. Qxg6 Rg8 22. Nf5 Bxf5 23. Qxf5 Rbf8 24. g4 Nxg4 25. fxg4 Rxf5 26. gxf5 Qg5+ 27. Kc2 Qe3 28. Rfh2 Qd3+ 29. Kc1 Rg1+ 30. Rxg1 Qe3+ 31. Kc2 Qxg1 32. Rh6 Qf2+ 0-1

[Event "Moscow Region Spring-B"]
[Site "Serpukhov"]
[Date "2011.05.01"]
[Round "3"]
[White "Krylov, Vladimir"]
[Black "Ibragimov, Ali"]
[Result "1-0"]
[WhiteElo "1912"]
[BlackElo "2098"]
[PlyCount "51"]
[EventDate "2011.04.30"]
[EventType "tourn"]
[EventRounds "9"]
[EventCountry "RUS"]
[SourceTitle "EXT 2022"]
[Source "ChessBase"]
[SourceDate "2021.10.06"]
[SourceVersion "1"]
[SourceVersionDate "2021.10.06"]
[SourceQuality "1"]

1. e4 g6 2. d4 Bg7 3. Nf3 c6 4. Bd3 Qb6 5. c3 d5 6. e5 h5 7. Qc2 Nh6 8. Bxg6 fxg6 9. Qxg6+ Kf8 10. e6 c5 11. Bxh6 Qxe6+ 12. Qxe6 Bxe6 13. Bxg7+ Kxg7 14. Nbd2 cxd4 15. Nxd4 Bd7 16. f4 Na6 17. 0-0 Rhg8 18. N2f3 Nc5 19. Ng5 h4 20. Rae1 Kf6 21. Re5 h3 22. Rxd5 hxg2 23. Rf3 Bg4 24. Rxc5 Bxf3 25. Rf5+ Kg6 26. Ngxf3 1-0

[Event "Zhukovsky-chA"]
[Site "Zhukovsky"]
[Date "2010.04.01"]
[Round "8"]
[White "Ibragimov, Ali"]
[Black "Chapurin, Alexey V"]
[Result "0-1"]
[WhiteElo "2082"]
[BlackElo "2280"]
[PlyCount "50"]
[EventDate "2010.04.01"]
[EventType "swiss"]
[EventRounds "9"]
[EventCountry "RUS"]
[SourceTitle "EXT 2022"]
[Source "ChessBase"]
[SourceDate "2021.10.06"]
[SourceVersion "1"]
[SourceVersionDate "2021.10.06"]
[SourceQuality "1"]

1. d4 d5 2. c4 c6 3. Nf3 Nf6 4. Nc3 g6 5. Bg5 Ne4 6. Bf4 Qa5 7. cxd5 Nxc3 8. bxc3 cxd5 9. Qb3 Nc6 10. Bd2 Bg7 11. e4 dxe4 12. Ng5 0-0 13. Bc4 e3 14. Bxe3 Nxd4 15. Bxd4 Bxd4 16. Bxf7+ Kg7 17. 0-0 Qxg5 18. Bd5 Bc5 19. Qc4 Bd6 20. g3 Rb8 21. f4 Qf6 22. Rac1 Bh3 23. Rf3 Rfc8 24. Qd3 Bg4 25. Rff1 Rxc3 0-1